000 00514nam a2200193Ia 4500
005 20250326145153.0
008 250326s9999 xx 000 0 und d
037 _aTextbook
040 _aFMSL
_beng
_cFMSL
041 _aeng
_2eng
084 _aV2:3(X5) P2
_qFMSL
100 _aChakravarti R
_9605499
245 0 _aTrade and traders in early Indian society
_cChakravarti R
260 _c2002
365 _b295
650 _aManagement
942 _cTB
_hV2:3(X5) P2
999 _c1306628
_d1306628